Bayer Leverkusen: Alle Torschützen der 2000er - Statistiken

Allgemein
  • Dieses Quiz wurde 144 mal gespielt
  • Das Durchschnittsergebnis liegt bei 24 aus 52
Antwortstatistiken
Pos. Nat. Spieler % Korrekt
TW GER Hans-Jörg Butt
90%
MIT GER Michael Ballack
87%
VER BRA Lucio
86%
ST BUL Dimitar Berbatov
84%
ST GER Stefan Kießling
84%
MIT CHI Arturo Vidal
81%
ST GER Ulf Kirsten
81%
ST GRE Theofanis Gekas
80%
MIT BRA Ze Roberto
80%
MIT GER Bernd Schneider
77%
VER GER Jens Nowotny
71%
ST UKR Andrej Voronin
70%
MIT GER Carsten Ramelow
69%
VER FIN Sami Hyypiä
63%
MIT GER Simon Rolfes
63%
VER ARG Diego Placente
60%
ST GER Oliver Neuville
60%
MIT TUR Yildiray Bastürk
59%
ST BRA Franca
57%
ST GER Patrick Helmes
56%
MIT GER Lars Bender
54%
VER BRA Juan
53%
MIT SUI Tranquillo Barnetta
50%
ST SUI Eren Derdiyok
47%
VER CZE Michal kadlec
47%
MIT GER Toni Kroos
47%
ST GRE Angelos Charisteas
43%
ST BIH Sergej Barbarez
41%
ST GER Paulo Rink
40%
ST GER Thomas Brdaric
37%
MIT GER Gonzalo Castro
34%
MIT GER Zoltan Sebescen
34%
VER GER Manuel Friedrich
33%
MIT ITA Robson Ponte
33%
MIT BRA Renato Augusto
31%
MIT CRO Marko Babic
30%
MIT POL Jacek Krzynowek
29%
MIT GER Paul Freier
29%
VER TUN Karim Haggui
27%
VER FRA Ahmed Madouni
26%
MIT CZE Jan Simak
26%
MIT GER Clemens Fritz
24%
MIT GER Stefan Reinartz
24%
MIT GER Hanno Balitsch
23%
VER CRO Boris Zivkovic
20%
VER BRA Athirson
16%
MIT GER Daniel Bierofka
16%
ST RUS Dmitri Bulykin
11%
VER GER Jan-Ingwer Callsen-Bracker
10%
VER GER Lukas Sinkiewicz
9%
MIT TUR Burak kaplan
6%
ST GER Sebastian Schoof
4%
Keine übereinstimmenden Quizze gefunden
Verteilung der Resultate
Anzahl Personen mit jedem Resultat
Perzentil nach korrekt beantworteten Fragen
Ihre Resultats-Entwicklung
Sie haben dieses Quiz noch nicht gespielt